00287nam a2200085Ia 4500008004100000100002400041245008500065260004200150260000900192170620s9999 xx 000 0 und d aReddy- G. Lokanadha 0aEncyclopedia of Special Education- Language disorders and intervention strategie bNew Delhi- Discovery Publishing House c2006